000 00771cab a2200265 4500
001 X2083
008 090401t1995 xxu||||| |||| 00| 0 eng d
035 _a(Sirsi) u21674
041 _aeng
245 _aColumn : research
260 _c1995
350 _a0
490 _aCSM (Chartered Surveyor Monthly)
_v4(5) March 1995, 22-23(2)
650 _aCLIENTS VALUE SYSTEM
650 _aCOASTAL ZONE MANAGEMENT
650 _aCONFERENCE
650 _aCORE SKILLS AND KNOWLEDGE BASE OF THE QUANTITY SURVEYOR
650 _aEUROCOAST
650 _aEUROPEAN COASTAL ASSOCIATION FOR SCIENCE AND TECHNOLOGY
650 _aJOURNAL OF REAL ESTATE FINANCE AND ECONOMICS
650 _aRESEARCH PAPERS
690 _aMARINE RESOURCES
942 _n0
948 _c04/03/1997
999 _c14536
_d14536